| 000 | 00603nam a2200181 a 4500 | ||
|---|---|---|---|
| 001 | 5233 | ||
| 003 | CDMR | ||
| 005 | 20130422164041.0 | ||
| 008 | 130130s2001||||||||||||||||||||||||||||d | ||
| 020 | _a9788480430920 | ||
| 040 |
_aCDMR _bcat _cCDMR |
||
| 245 | 0 | 0 |
_aMemòria dels camps _b: fotografies dels camps de concentració i extermini nazis (1933-1999) _cobra publicada sota la direcció de Clément Chéroux |
| 260 |
_bMuseu Nacional d'Art de Catalunya _aBarcelona : |
||
| 260 |
_c2001 _bMarval _aParis : |
||
| 500 | _aCatàleg d'exposició | ||
| 650 | 0 | 4 |
_93095 _aFotografia documental |
| 942 |
_cMON _2ddc |
||
| 999 |
_c5233 _d5233 |
||